Every 10,000+ U.S. City of the Rust Belt in 1950 with a Map - Statistics

General Stats
  • This quiz has been taken 217 times
  • The average score is 110 of 383
Answers on the Map
Answers color-coded by a green-red scale on the quiz's map according to % correct below.
 
Answer Stats
Population State Cities % Correct
914,808 OH Cleveland
95%
1,849,568 MI Detroit
94%
3,620,962 IL Chicago
93%
2,071,605 PA Philadelphia
93%
949,708 MD Baltimore
92%
580,132 NY Buffalo
92%
676,806 PA Pittsburgh
92%
503,998 OH Cincinnati
91%
375,901 OH Columbus
90%
637,392 WI Milwaukee
90%
134,995 NY Albany
88%
856,796 MO St. Louis
88%
303,616 OH Toledo
88%
130,803 PA Erie
86%
332,488 NY Rochester
85%
274,605 OH Akron
83%
220,583 NY Syracuse
83%
78,508 OH Springfield
82%
176,515 MI Grand Rapids
81%
73,501 WV Charleston
80%
243,872 OH Dayton
80%
90,872 NY Niagara Falls
80%
92,129 MI Lansing
79%
163,143 MI Flint
78%
128,009 NJ Trenton
77%
133,607 IN Fort Wayne
76%
133,911 IN Gary
76%
52,735 WI Green Bay
74%
115,911 IN South Bend
73%
106,756 PA Allentown
72%
48,251 MI Ann Arbor
72%
89,544 PA Harrisburg
72%
10,999 IL Harrisburg
72%
168,330 OH Youngstown
72%
101,531 NY Utica
71%
125,536 PA Scranton
69%
111,856 IL Peoria
67%
128,636 IN Evansville
65%
54,368 WI Kenosha
64%
92,918 MI Saginaw
64%
124,555 NJ Camden
63%
82,295 IL East St. Louis
63%
94,994 MI Dearborn
62%
11,743 PA Indiana
62%
109,320 PA Reading
62%
72,311 NY Troy
62%
10,661 OH Troy
62%
58,891 WV Wheeling
62%
116,912 OH Canton
61%
74,549 IA Davenport
61%
57,704 MI Kalamazoo
61%
92,927 IL Rockford
61%
91,785 NY Schenectady
61%
50,576 IL Aurora
59%
51,601 IL Joliet
57%
77,177 PA Altoona
55%
80,674 NY Binghamton
55%
25,525 WV Morgantown
55%
76,826 PA Wilkes-Barre
55%
39,563 IL Champaign
54%
66,340 PA Bethlehem
53%
34,163 IL Bloomington
53%
86,353 WV Huntington
53%
15,079 IN Huntington
53%
71,193 WI Racine
53%
24,180 OH Lancaster
52%
41,084 WI Oshkosh
51%
52,523 MI Bay City
50%
44,223 IL Elgin
50%
29,375 OH Sandusky
50%
49,856 OH Warren
50%
14,849 PA Warren
50%
73,641 IL Evanston
49%
73,681 MI Pontiac
49%
34,010 WI Appleton
48%
54,263 IN East Chicago
48%
87,594 IN Hammond
47%
66,039 PA Chester
46%
64,452 KY Covington
46%
66,269 IL Decatur
46%
28,395 IN Michigan City
46%
57,951 OH Hamilton
45%
48,710 IL Rock Island
45%
22,834 IL Urbana
45%
48,666 MI Battle Creek
44%
38,946 IL Waukegan
44%
21,233 WI Waukesha
44%
67,544 IL Cicero
43%
51,088 MI Jackson
43%
58,479 IN Muncie
43%
28,897 OH Parma
43%
37,679 MD Cumberland
42%
37,397 IL Moline
42%
48,429 MI Muskegon
42%
34,275 OH Newark
42%
10,295 NY Newark
42%
41,682 NY Rome
42%
42,365 WI Sheboygan
42%
49,716 NY Elmira
40%
15,858 MI Holland
40%
35,568 IN Lafayette
40%
50,246 OH Lima
40%
63,529 IL Oak Park
40%
33,651 KY Owensboro
40%
17,227 PA State College
40%
35,646 IN Elkhart
39%
43,354 NY Jamestown
39%
63,232 PA Johnstown
39%
10,923 NY Johnstown
39%
51,202 OH Lorain
39%
43,564 OH Mansfield
39%
35,725 MI Port Huron
39%
26,280 PA Washington
39%
10,560 OH Washington
39%
20,325 MI East Lansing
38%
40,517 OH Zanesville
38%
24,899 WI Janesville
37%
29,684 WV Parkersburg
37%
40,047 OH East Cleveland
36%
30,307 OH Elyria
36%
41,396 OH Euclid
35%
21,467 MI Monroe
35%
19,397 WV Beckley
34%
59,141 OH Cleveland Heights
34%
29,936 WI Fond du Lac
34%
38,672 IN Kokomo
34%
17,534 MI Livonia
34%
46,820 IN Anderson
33%
25,856 IL Kankakee
33%
33,695 OH Middletown
33%
45,047 PA Williamsport
33%
23,696 OH Ashtabula
32%
11,660 OH Athens
32%
12,005 OH Bowling Green
32%
16,296 PA Carbondale
32%
10,921 IL Carbondale
32%
29,590 WI Beloit
31%
68,071 OH Lakewood
30%
33,817 OH Marion
30%
30,081 IN Marion
30%
10,459 IL Marion
30%
22,647 NY Oswego
30%
24,005 WV Weirton
30%
29,195 OH Cuyahoga Falls
29%
37,864 IL Danville
29%
35,872 OH Steubenville
29%
32,550 IL Alton
28%
11,708 IL DeKalb
28%
14,994 IL Des Plaines
28%
43,355 MI Hamtramck
28%
46,393 MI Highland Park
28%
16,808 IL Highland Park
28%
36,798 OH Portsmouth
28%
14,832 IL Skokie
28%
19,823 MI St. Clair Shores
28%
13,913 IL East Moline
27%
35,632 PA Easton
27%
51,502 PA McKeesport
27%
11,873 IN West Lafayette
27%
18,769 MI Benton Harbor
26%
48,834 PA New Castle
26%
18,271 IN New Castle
26%
46,898 MI Royal Oak
26%
36,722 NY Auburn
25%
11,324 PA Bethel
25%
12,418 OH Kent
25%
31,044 KY Newport
25%
16,773 OH Niles
25%
13,145 MI Niles
25%
32,721 IL Belleville
24%
51,280 IL Berwyn
24%
32,014 WV Clarksburg
24%
23,845 OH Findlay
24%
10,223 MI St. Joseph
24%
23,482 PA Butler
23%
10,006 PA Franklin
23%
18,302 MI Ypsilanti
23%
25,133 NY Lockport
22%
32,913 IN Mishawaka
22%
39,539 IN Richmond
22%
12,028 IN Valparaiso
22%
11,638 IL Wheaton
22%
31,131 KY Ashland
21%
14,287 OH Ashland
21%
16,812 PA Carlisle
21%
24,551 IL Chicago Heights
21%
20,133 OH Chillicothe
21%
11,804 OH Delaware
21%
35,491 PA Hazleton
21%
16,686 WV South Charleston
21%
42,959 WI West Allis
21%
17,212 PA Chambersburg
20%
29,346 WV Fairmont
20%
31,425 IL Galesburg
20%
28,156 PA Lebanon
20%
21,506 WV Bluefield
19%
15,799 IL Calumet City
19%
16,837 KY Henderson
19%
12,185 OH Mount Vernon
19%
10,856 NY Rensselaer
19%
28,222 OH Shaker Heights
19%
14,617 NY Tonawanda
19%
17,684 NY Corning
18%
11,675 OH Coshocton
18%
11,573 MO Ferguson
18%
12,877 OH Xenia
18%
18,393 MI Adrian
17%
32,240 NY Amsterdam
17%
15,467 MI Birmingham
17%
12,710 PA Bristol
17%
11,265 OH Defiance
17%
11,886 IL Downers Grove
17%
21,273 IL Elmhurst
17%
15,028 IN Frankfort
17%
16,537 OH Fremont
17%
17,144 NY Geneva
17%
13,003 IN Goshen
17%
17,882 IN La Porte
17%
27,598 WI Manitowoc
17%
16,006 OH Marietta
17%
29,594 OH Massillon
17%
24,731 NY North Tonawanda
17%
13,021 PA Plymouth
17%
17,354 PA Bradford
16%
14,739 OH Cambridge
16%
29,465 IL Granite City
16%
21,096 PA Kingston
16%
23,640 PA Pottsville
16%
39,892 MO University City
16%
18,162 IL Wilmette
16%
12,105 IL Winnetka
16%
14,005 OH Wooster
16%
12,329 MI Allen Park
15%
10,230 OH Conneaut
15%
16,333 OH Ironton
15%
21,858 IL Pekin
15%
20,471 PA Uniontown
15%
12,417 WI Watertown
15%
16,488 PA Braddock
14%
15,472 IL Brookfield
14%
12,051 NJ Burlington
14%
24,217 OH East Liverpool
14%
27,658 NY Lackawanna
14%
21,031 IN Logansport
14%
19,581 PA Oil CIty
14%
16,602 IL Park Ridge
14%
12,754 OH Salem
14%
10,364 OH Van Wert
14%
10,633 PA Bloomsburg
13%
20,683 IL Harvey
13%
27,473 IL Maywood
13%
12,437 WI Neenah
13%
12,948 OH New Philadelphia
13%
11,325 NY Oneida
13%
13,308 IN Peru
13%
26,161 OH Alliance
12%
21,461 MI East Detroit
12%
16,923 PA Greensburg
12%
16,728 MI Inkster
12%
18,972 PA Meadville
12%
18,828 MI Muskegon Heights
12%
20,549 MI River Rouge
12%
26,454 PA Sharon
12%
12,855 WI South Milwaukee
12%
36,846 MI Wyandotte
12%
11,867 WI Beaver Dam
11%
17,375 PA Beaver Falls
11%
10,327 OH Bucyrus
11%
21,662 OH Garfield Heights
11%
13,075 MI Grosse Pointe Park
11%
29,310 MI Lincoln Park
11%
11,132 KY Madisonville
11%
18,919 NJ Phillipsburg
11%
17,447 OH Piqua
11%
33,324 WI Wauwatosa
11%
17,799 NY Batavia
10%
17,622 IL Blue Island
10%
16,035 MO Clayton
10%
21,272 NY Cohoes
10%
11,862 IL Collinsville
10%
11,497 PA DuBois
10%
18,007 NY Dunkirk
10%
14,969 IL Forest Park
10%
10,244 IN Hobart
10%
12,002 IL La Grange
10%
13,366 IL Melrose Park
10%
15,570 PA Sunbury
10%
18,952 OH Tiffin
10%
10,406 MI Albion
9%
26,132 PA Aliquippa
9%
11,604 PA Bellevue
9%
17,931 MI Berkley
9%
12,105 PA Carnegie
9%
13,154 PA Darby
9%
18,801 IL Elmwood Park
9%
10,381 MI Grosse Pointe Woods
9%
17,770 MI Hazel Park
9%
18,640 MO Kirkwood
9%
16,241 PA McKees Rocks
9%
14,772 WV Moundsville
9%
22,884 NY Olean
9%
15,816 MI Roseville
9%
15,704 PA Shenandoah
9%
15,197 NY Watervliet
9%
27,820 OH Barberton
8%
10,232 OH Bellefontaine
8%
17,620 PA Duquesne
8%
29,675 MI Ferndale
8%
11,811 PA Latrobe
8%
13,894 PA Lewistown
8%
11,381 PA Lock Haven
8%
35,001 OH Norwood
8%
11,237 OH Rocky River
8%
15,432 OH South Euclid
8%
10,243 WI Two Rivers
8%
10,621 IN Wabash
8%
11,384 IL West Frankfort
8%
15,550 IN Connersville
7%
12,182 WI Cudahy
7%
17,948 MI Ecorse
7%
10,531 IL Evergreen Park
7%
19,249 NY Johnson City
7%
17,027 MI Mount Clemens
7%
20,160 PA Nanticoke
7%
25,146 PA New Kensington
7%
11,566 MO Overland
7%
15,012 PA Pittston
7%
15,045 MO Richmond Heights
7%
16,879 PA Shamokin
7%
23,390 MO Webster Groves
7%
14,665 WI Whitefish Bay
7%
12,051 OH Berea
6%
14,010 PA Berwick
6%
12,378 OH Bexley
6%
12,535 PA Brentwood
6%
20,305 PA Dunmore
6%
20,050 NY Endicott
6%
14,351 OH Fostoria
6%
13,922 NY Fulton
6%
23,634 NY Gloversville
6%
16,172 PA Jeannette
6%
13,220 OH Martins Ferry
6%
12,385 WI Menasha
6%
15,948 MI Owosso
6%
14,432 OH Painesville
6%
10,823 IL River Forest
6%
16,199 WI Shorewood
6%
11,491 OH Sidney
6%
16,488 PA Swissvale
6%
11,508 PA Tamaqua
6%
11,566 OH University Heights
6%
17,985 PA West Mifflin
6%
11,068 PA Yeadon
6%
16,429 PA Ambridge
5%
10,263 PA Arnold
5%
19,652 PA Clairton
5%
12,945 PA Ellwood City
5%
10,870 KY Fort Thomas
5%
10,113 OH Girard
5%
10,046 PA Homestead
5%
12,169 PA Lansdowne
5%
15,586 OH Maple Heights
5%
13,416 MO Maplewood
5%
17,896 PA Monessen
5%
14,222 PA Mount Carmel
5%
16,437 PA Munhall
5%
12,574 PA Steelton
5%
11,941 OH Struthers
5%
31,418 PA Wilkinsburg
5%
12,573 OH Bellaire
4%
12,882 OH Campbell
4%
13,293 PA Connellsville
4%
10,498 PA Coraopolis
4%
11,362 IN Elwood
4%
13,644 PA Farrell
4%
10,934 PA Mahanoy City
4%
10,190 IL Wood River
4%
12,072 PA Canonsburg
3%
20,066 NY Kenmore
3%
14,724 PA North Braddock
3%
12,186 PA Donora
2%
13,405 PA Dormont
2%
12,363 PA Turtle Creek
2%
No matching quizzes found
Score Distribution
Percent of People with Each Score
Percentile by Number Answered
Your Score History
You have not taken this quiz